Jardines : cuaderno de dibujos y planos /
Guardado en:
| Autor Principal: | |
|---|---|
| Formato: | Libro |
| Idioma: | Undetermined |
| Publicado: |
Barcelona :
Editorial Stylos,
1985.
|
| Edición: | 1aed. |
| Etiquetas: |
Agregar Etiqueta
Sin Etiquetas, Sea el primero en etiquetar este registro!
|
| LEADER | 00580nam a22001815a 4500 | ||
|---|---|---|---|
| 001 | CEM.cems019031 | ||
| 008 | 211202s1985####sp############000#0#und#d | ||
| 005 | 20211202103720.0 | ||
| 003 | CEMS | ||
| 245 | 1 | 0 | |a Jardines : |b cuaderno de dibujos y planos / |c Forestier, J.C.N. |
| 250 | |a 1aed. | ||
| 260 | |a Barcelona : |b Editorial Stylos, |c 1985. | ||
| 300 | |a 235 cm : |b imágenes, fotos, planos ; |c 20 cm. | ||
| 500 | |a Jardines. | ||
| 020 | |a 857616002 | ||
| 100 | 1 | |a Forestier, J.C.N., |d 1985. | |
| 700 | 1 | |a Forestier, J.C.N., |d 1985. | |
| 859 | |a CEMS |b BIB. CEMS - Agricultura |h 635.982 |i F762 |p A3043.18 |t Ej.1 | ||
